|
|
|
|
| LEADER |
01683cas a2200241 a 4500 |
| 001 |
AALejournalIMF017146 |
| 008 |
230101c9999 xx r poo 0 0eng d |
| 020 |
|
|
|c 5.00 USD
|
| 020 |
|
|
|z 9781475541649
|
| 022 |
|
|
|a 1018-5941
|
| 040 |
|
|
|a BD-DhAAL
|c BD-DhAAL
|
| 100 |
1 |
|
|a Saito, Ikuo.
|
| 245 |
1 |
0 |
|a Fading Ricardian Equivalence in Ageing Japan /
|c Ikuo Saito.
|
| 264 |
|
1 |
|a Washington, D.C. :
|b International Monetary Fund,
|c 2016.
|
| 300 |
|
|
|a 1 online resource (18 pages)
|
| 490 |
1 |
|
|a IMF Working Papers
|
| 500 |
|
|
|a <strong>Off-Campus Access:</strong> No User ID or Password Required
|
| 500 |
|
|
|a <strong>On-Campus Access:</strong> No User ID or Password Required
|
| 506 |
|
|
|a Electronic access restricted to authorized BRAC University faculty, staff and students
|
| 520 |
3 |
|
|a Japan seems to be turning less Ricardian, a trend set to continue. First, the discount wedge seems to have risen, suggesting that consumers have become more myopic. Second, some evidence points to the possibility that an increasing number of households are liquidity constrained. If these developments continue, the impact of fiscal policy on the economy will gradually rise. While this will facilitate using fiscal policy to manage the economic cycle, it also calls for starting fiscal consolidation soon and in a gradual and steady manner, given the unsustainable public debt and the likely increasing challenges in funding the government's rising debt domestically.
|
| 538 |
|
|
|a Mode of access: Internet
|
| 830 |
|
0 |
|a IMF Working Papers; Working Paper ;
|v No. 2016/194
|
| 856 |
4 |
0 |
|z Full text available on IMF
|u http://elibrary.imf.org/view/journals/001/2016/194/001.2016.issue-194-en.xml
|z IMF e-Library
|